[Event "Kecskemet Caissa IM 03"]
[Site "Kecskemet"]
[Date "2012.03.18"]
[Round "3"]
[White "Lorparizangeneh, Shahin"]
[Black "Abel, Lajos"]
[Result "1-0"]
[WhiteElo "2170"]
[BlackElo "2242"]
[PlyCount "133"]
[EventDate "2012.03.17"]
[EventType "tourn"]
[EventRounds "10"]
[EventCountry "HUN"]
[SourceTitle "CBM 147 Extra"]
[Source "ChessBase"]
[SourceDate "2012.04.24"]
[SourceVersion "1"]
[SourceVersionDate "2012.04.24"]
[SourceQuality "1"]

1. Nf3 f5 2. d4 Nf6 3. c4 g6 4. g3 Bg7 5. Bg2 d6 6. Nc3 0-0 7. 0-0 Nc6 8. d5 Na5 9. Qd3 c5 10. Ng5 Rb8 11. Rb1 b6 12. Bd2 a6 13. Ne6 Bxe6 14. dxe6 b5 15. cxb5 c4 16. Qc2 axb5 17. a4 b4 18. Nb5 c3 19. bxc3 b3 20. Qd3 Qc8 21. c4 Nb7 22. Bxb7 Rxb7 23. Qxb3 Ne4 24. Bb4 Qc6 25. Rfc1 f4 26. Qd3 fxg3 27. fxg3 Qb6+ 28. c5 Nxc5 29. Bxc5 dxc5 30. Nd6 Bd4+ 31. e3 Qxd6 32. Rxb7 Qd5 33. exd4 Qxb7 34. dxc5 Qb2 35. Rf1 Rxf1+ 36. Qxf1 Qd4+ 37. Kg2 Qd5+ 38. Qf3 Qxe6 39. c6 Qa2+ 40. Kh3 Qe6+ 41. g4 h5 42. c7 hxg4+ 43. Qxg4 Qe3+ 44. Qg3 Qh6+ 45. Kg4 Qh5+ 46. Kf4 Qf5+ 47. Ke3 Qc5+ 48. Kd3 Qa3+ 49. Kd4 Qxa4+ 50. Kd5 Qa6 51. Qb3 Kf7 52. Qc4 e6+ 53. Kc5 Qc8 54. Kc6 g5 55. h3 Ke8 56. Kb6 Ke7 57. Qg4 Qh8 58. Qb4+ Kd7 59. Qa4+ Ke7 60. Qb5 Qd4+ 61. Ka6 Qc3 62. Kb7 Qf3+ 63. Ka7 Qc3 64. Kb8 Qg3 65. Kc8 Qg2 66. Qd7+ Kf6 67. Qd8+ 1-0

[Event "HUN-chT2 Maroczy 1011"]
[Site "Hungary"]
[Date "2011.05.15"]
[Round "11"]
[White "Abel, Lajos"]
[Black "Kabai, Zsuzsanna"]
[Result "0-1"]
[WhiteElo "2261"]
[BlackElo "2134"]
[PlyCount "146"]
[EventDate "2010.09.12"]
[EventType "team-tourn"]
[EventRounds "11"]
[EventCountry "HUN"]
[SourceTitle "EXT 2012"]
[Source "ChessBase"]
[SourceDate "2011.11.24"]
[SourceVersion "1"]
[SourceVersionDate "2011.11.24"]
[SourceQuality "1"]
[WhiteTeam "TLSE"]
[BlackTeam "Penzugyor II"]
[WhiteTeamCountry "HUN"]
[BlackTeamCountry "HUN"]

1. d4 d5 2. Bf4 Nf6 3. Nf3 c5 4. e3 Nc6 5. c3 Qb6 6. Qb3 c4 7. Qc2 Bf5 8. Qc1 e6 9. Nbd2 Qd8 10. Be2 h6 11. Ne5 Nxe5 12. Bxe5 Bd6 13. f4 Bxe5 14. dxe5 Ne4 15. 0-0 Nc5 16. b4 Nd3 17. Bxd3 Bxd3 18. Rf2 f5 19. exf6 gxf6 20. Qd1 Ke7 21. Qa4 Qe8 22. Qa5 b6 23. Qa6 Qc8 24. Qa3 a6 25. Re1 Qc6 26. Nf3 Qd6 27. Nd4 Rhg8 28. Qa4 b5 29. Qd1 e5 30. fxe5 fxe5 31. Qh5 Raf8 32. Rxf8 Rxf8 33. Nf3 Rf5 34. Qh4+ Qf6 35. Qxf6+ Kxf6 36. Nh4 Rg5 37. g3 Rg8 38. Ra1 a5 39. a3 Ra8 40. bxa5 Rxa5 41. Nf3 Ke6 42. Ra2 Be4 43. Nd2 Bg6 44. Kf2 Kd6 45. Ke1 Ra6 46. Nf3 Bh5 47. Kf2 Ra7 48. Nh4 Kc5 49. h3 d4 50. cxd4+ exd4 51. exd4+ Kxd4 52. Nf5+ Kd3 53. g4 c3 54. Ra1 Bg6 55. Rd1+ Kc2 56. Ne3+ Kb2 57. Rd5 Rb7 58. Nd1+ Kb3 59. Rc5 c2 60. Ne3 Kb2 61. Nxc2 Bxc2 62. Rc6 Rh7 63. Rb6 Ba4 64. Kg3 Kxa3 65. h4 b4 66. Kf4 b3 67. g5 hxg5+ 68. hxg5 b2 69. g6 Rg7 70. Kg5 Bc2 71. Ra6+ Kb3 72. Rb6+ Kc3 73. Rc6+ Kd2 0-1

[Event "HUN-chT2 Maroczy 1011"]
[Site "Hungary"]
[Date "2011.05.01"]
[Round "10"]
[White "Abel, Lajos"]
[Black "Banki H, Istvan"]
[Result "0-1"]
[WhiteElo "2261"]
[BlackElo "2228"]
[PlyCount "76"]
[EventDate "2010.09.12"]
[EventType "team-tourn"]
[EventRounds "11"]
[EventCountry "HUN"]
[SourceTitle "EXT 2012"]
[Source "ChessBase"]
[SourceDate "2011.11.24"]
[SourceVersion "1"]
[SourceVersionDate "2011.11.24"]
[SourceQuality "1"]
[WhiteTeam "TLSE"]
[BlackTeam "Oroshaza"]
[WhiteTeamCountry "HUN"]
[BlackTeamCountry "HUN"]

1. d4 Nf6 2. Nf3 d6 3. Bf4 g6 4. e3 Bg7 5. Be2 0-0 6. c4 Nbd7 7. Nc3 Re8 8. h3 b6 9. 0-0 Bb7 10. Qc2 e5 11. dxe5 Nxe5 12. Nxe5 dxe5 13. Bg3 Qe7 14. Rfd1 Rad8 15. Rac1 a6 16. a3 c5 17. Bh4 h6 18. Nd5 Bxd5 19. cxd5 g5 20. Bg3 Rxd5 21. Rxd5 Nxd5 22. Bxa6 Nc7 23. Be2 Rd8 24. Rd1 Rd6 25. Rxd6 Qxd6 26. Qb3 Kf8 27. Bc4 f5 28. Bg8 Qd7 29. Bh7 Nd5 30. e4 fxe4 31. Bxe4 Nf6 32. Bg6 Nd5 33. Qd3 Ke7 34. Bf5 Qd6 35. Qb5 Nf4 36. Be4 Qd1+ 37. Kh2 Ne2 38. h4 g4 0-1

[Event "HUN-chT2 Maroczy 1011"]
[Site "Hungary"]
[Date "2011.04.17"]
[Round "9"]
[White "Abel, Lajos"]
[Black "Bernath, Robert"]
[Result "1/2-1/2"]
[WhiteElo "2261"]
[BlackElo "2127"]
[PlyCount "160"]
[EventDate "2010.09.12"]
[EventType "team-tourn"]
[EventRounds "11"]
[EventCountry "HUN"]
[SourceTitle "EXT 2012"]
[Source "ChessBase"]
[SourceDate "2011.11.24"]
[SourceVersion "1"]
[SourceVersionDate "2011.11.24"]
[SourceQuality "1"]
[WhiteTeam "TLSE"]
[BlackTeam "Maroczy"]
[WhiteTeamCountry "HUN"]
[BlackTeamCountry "HUN"]

1. d4 Nf6 2. Nf3 e6 3. Bf4 c5 4. e3 Be7 5. Nbd2 0-0 6. Bd3 b6 7. Qe2 Bb7 8. c3 cxd4 9. exd4 d6 10. h3 Nbd7 11. 0-0 Re8 12. Bh2 Bf8 13. Rad1 g6 14. Rfe1 e5 15. dxe5 dxe5 16. Ne4 Nxe4 17. Bxe4 Bxe4 18. Qxe4 Qe7 19. Qb7 Nc5 20. Qxe7 Rxe7 21. Rxe5 Rxe5 22. Bxe5 Bg7 23. Bxg7 Kxg7 24. Kf1 Kf6 25. Rd4 Ne6 26. Rd7 Nc5 27. Rd6+ Ke7 28. Rd2 Rd8 29. Rxd8 Kxd8 30. Ne1 Kd7 31. Ke2 Kd6 32. Ke3 Ne6 33. Nd3 f5 34. b3 b5 35. Nf4 Nc5 36. Ne2 Ke5 37. g3 a6 38. f3 Kd5 39. h4 Ke5 40. Nf4 Nd7 41. Nd3+ Kd6 42. Kd4 Nf6 43. c4 bxc4 44. bxc4 Nh5 45. c5+ Kc7 46. g4 fxg4 47. fxg4 Ng3 48. Ne5 h5 49. Kd5 hxg4 50. Nxg6 Nf5 51. h5 g3 52. Nf4 Nh6 53. c6 Ng4 54. Kc5 Nh6 55. a4 a5 56. Kb5 Nf5 57. Kxa5 Kxc6 58. Ka6 Nh6 59. Ng2 Nf5 60. Ka5 Kc5 61. Ka6 Kc6 62. a5 Nh6 63. Ne3 Nf7 64. Ka7 Kc7 65. Nd5+ Kd6 66. Ne3 Kc7 67. a6 Nh6 68. Nd5+ Kd6 69. Nf4 Kc7 70. Ka8 Kc8 71. Ng2 Nf5 72. Ka7 Kc7 73. Nf4 Nh6 74. Nd5+ Kd6 75. Ne3 Kc7 76. Ka8 Kc8 77. Ng2 Nf5 78. Nf4 Nh6 79. Ka7 Kc7 80. Ne6+ Kd6 1/2-1/2

[Event "HUN-chT2 Maroczy 1011"]
[Site "Hungary"]
[Date "2010.11.21"]
[Round "6"]
[White "Janoska, Sandor"]
[Black "Abel, Lajos"]
[Result "0-1"]
[WhiteElo "2139"]
[BlackElo "2261"]
[PlyCount "64"]
[EventDate "2010.09.12"]
[EventType "team-tourn"]
[EventRounds "11"]
[EventCountry "HUN"]
[SourceTitle "EXT 2012"]
[Source "ChessBase"]
[SourceDate "2011.11.24"]
[SourceVersion "1"]
[SourceVersionDate "2011.11.24"]
[SourceQuality "1"]
[WhiteTeam "Miskolc EMSE"]
[BlackTeam "TLSE"]
[WhiteTeamCountry "HUN"]
[BlackTeamCountry "HUN"]

1. d4 Nf6 2. Nf3 g6 3. c4 c5 4. d5 b5 5. cxb5 a6 6. bxa6 Bg7 7. Nc3 Bxa6 8. g3 d6 9. e4 Bxf1 10. Kxf1 Nbd7 11. Kg2 0-0 12. Qc2 Qa5 13. Bd2 Rab8 14. b3 Qa6 15. Rhe1 Ng4 16. a4 c4 17. bxc4 Qxc4 18. h3 Nge5 19. Nxe5 Bxe5 20. Rac1 Nc5 21. Re3 Bd4 22. Rf3 Bxc3 23. e5 Nb3 24. Bxc3 Nxc1 25. exd6 Qxd5 26. Qxc1 Qxd6 27. a5 Qd5 28. Qe3 Rb3 29. Kh2 Rc8 30. a6 Rbxc3 31. Qxc3 Rxc3 32. Rxc3 Qa2 0-1

[Event "HUN-chT2 Maroczy 0910"]
[Site "Hungary"]
[Date "2010.05.02"]
[Round "11"]
[White "Abel, Lajos"]
[Black "Banki H, Istvan"]
[Result "1-0"]
[WhiteElo "2301"]
[BlackElo "2248"]
[PlyCount "87"]
[EventDate "2009.11.08"]
[EventType "team-tourn"]
[EventRounds "11"]
[EventCountry "HUN"]
[SourceTitle "EXT 2011"]
[Source "ChessBase"]
[SourceDate "2010.11.26"]
[SourceVersion "1"]
[SourceVersionDate "2010.11.26"]
[SourceQuality "1"]
[WhiteTeam "TLSE"]
[BlackTeam "Oroshaza"]
[WhiteTeamCountry "HUN"]
[BlackTeamCountry "HUN"]

1. d4 Nf6 2. Nf3 d6 3. Bf4 g6 4. e3 Bg7 5. h3 Nbd7 6. c4 0-0 7. Nc3 c6 8. Be2 d5 9. 0-0 dxc4 10. Bxc4 Nb6 11. Bb3 Nfd5 12. Bg3 Be6 13. Ne4 Nd7 14. Neg5 h6 15. Nxe6 fxe6 16. Qd3 Qe8 17. e4 Nf4 18. Bxf4 Rxf4 19. g3 Rf6 20. e5 Rf8 21. Bxe6+ Kh7 22. Qe4 Rd8 23. h4 Nb6 24. Kg2 Nd5 25. h5 Nc7 26. Bb3 Kh8 27. Nh4 e6 28. Nxg6+ Kg8 29. Nxf8 Kxf8 30. Rad1 Qxh5 31. Qf3+ Qf7 32. Qxf7+ Kxf7 33. f4 Nd5 34. Bxd5 Rxd5 35. Kf3 Rb5 36. b3 Rd5 37. Ke4 Bf8 38. g4 Bg7 39. f5 a6 40. Rc1 Rd8 41. Rc2 Rd5 42. Rcf2 Rd7 43. fxe6+ Kxe6 44. Rf6+ 1-0